000 01051nam a2200169 4500
999 _c509701
_d509701
008 190520b ||||| |||| 00| 0 eng d
100 _aSingh, U.B.
_95835
245 _aCharacteristics of municipal leadership in Uttar Pradesh
260 _c2018
300 _ap.40-49.
520 _aMunicipal elections in Uttar Pradesh have special significance, more so during a changed regime. Fresh elections to municipalities were held in November 2017. The study finds that the newly elected Mayors and Chairpersons are comparatively young and highly educated, but majority is novice to governance. The recent municipal elections were shocker to the entire major political parties, as majority of the local leaders are independent with no political affiliation. The disinterest of people in politicians highlights the interest of people in development and better governance. - Reproduced.
650 _aLocal government
_95836
650 _aMunicipalities
_95837
773 _aNagarlok
906 _aElections - India - Uttar Pradesh
942 _2ddc
_cAR